Review of PSRO medical cost control : hearing before the Subcommittee on Oversight of the Committee on Ways and Means, House of Representatives, Ninety-sixth Congress, first session, June 27, 1979.

Bibliographic Details
Corporate Authors: United States. Congress. House. Committee on Ways and Means. Subcommittee on Oversight, ProQuest (Firm)
Format: Government Document eBook
Language:English
Published: Washington : U.S. Govt. Print. Off, 1979.
Series:U.S. Congressional Hearings.
Subjects:
Online Access:Connect to the full text of this electronic book

MARC

Tag First Indicator Second Indicator Subfields
LEADER 00000cam a22000001a 4500
001 in00003199101
006 m d f
007 cr bn mmmapmmp
008 100322s1979 dcua o f000 0 eng d
005 20260511182530.1
035 |a cis2007492106 
040 |a UMI  |c UMI  |d UtOrBLW 
043 |a n-us--- 
074 |a 1028 
086 0 |a Y 4.W 36:96-36 
099 |a HRG-1979-WAM-0067 
110 1 |a United States.  |b Congress.  |b House.  |b Committee on Ways and Means.  |b Subcommittee on Oversight. 
245 1 0 |a Review of PSRO medical cost control :  |b hearing before the Subcommittee on Oversight of the Committee on Ways and Means, House of Representatives, Ninety-sixth Congress, first session, June 27, 1979. 
264 1 |a Washington :  |b U.S. Govt. Print. Off,  |c 1979. 
300 |a 1 online resource. 
336 |a text  |b txt  |2 rdacontent 
337 |a computer  |b c  |2 rdamedia 
338 |a online resource  |b cr  |2 rdacarrier 
490 0 |a Serial - House, Committee on Ways and Means ;  |v no. 96-36 
500 |a Record is based on bibliographic data in ProQuest Congressional Hearings Digital Collection. Reuse except for individual research requires license from ProQuest, LLC. 
538 |a System requirements: PDF reader software. 
500 |a Electronic resource. 
650 0 |a Professional standards review organizations (Medicine)  |z United States. 
650 0 |a Medical care  |z United States  |x Cost control. 
655 7 |a Electronic books.  |2 local 
710 2 |a ProQuest (Firm) 
776 0 8 |i Print version:   |a United States. Congress. House. Committee on Ways and Means. Subcommittee on Oversight.  |t Review of PSRO medical cost control  |w (OCoLC)05835995  |w gp 80006870 
776 0 8 |i Microfiche version:   |a United States. Congress. House. Committee on Ways and Means. Subcommittee on Oversight.  |t Review of PSRO medical cost control.  |d [Bethesda, Md.] : ProQuest,[2004]  |o CIS 80 H781-5  |w (ProQuest)cis08001606 
830 0 |a U.S. Congressional Hearings. 
856 4 0 |u http://proxy.library.tamu.edu/login?url=https://congressional.proquest.com/congcomp/getdoc?HEARING-ID=HRG-1979-WAM-0067  |z Connect to the full text of this electronic book  |t 0 
998 |a cis08001606 
999 |a MARS 
999 f f |s 3f5970bd-b0a5-3297-b4ac-d3b4e466ce15  |i 5e4f7fb9-1910-3e2c-81b2-d878bf334aba  |t 0 
952 f f |a Texas A&M University  |b College Station  |c Electronic Resources  |s www_evans  |d Available Online  |t 0  |e HRG-1979-WAM-0067  |h Other scheme 
998 f f |a HRG-1979-WAM-0067  |t 0  |l Available Online